| 000 | 00918nam a22003017a 4500 | ||
|---|---|---|---|
| 001 | 4867 | ||
| 003 | FISKH | ||
| 005 | 20241021155040.0 | ||
| 008 | 241021b cb ||||| |||| 00| 0 eng d | ||
| 020 | _a9780590448727 | ||
| 040 |
_aFISKH _beng _cFISKH _dFISKH |
||
| 050 | _aPZ7.B64827 | ||
| 082 | _a525 | ||
| 100 |
_aBorden, Louise _d(1949-) |
||
| 245 |
_aCaps, hats, socks, and mittens / _cA Book About the Four Seasons by Louise Borden illustrated by Lillian Hoban |
||
| 250 | _a1989 | ||
| 260 |
_aNew York : _bScholastic, _c1989. |
||
| 300 |
_a29 pages : _bColor illustrations ; _c23 cm. |
||
| 505 | _aG | ||
| 520 | _aSimple text and illustrations describe some of the pleasures of each season. | ||
| 521 | 8 |
_a380L
_bLexile |
|
| 521 | 8 |
_aG
_bRaz-Plus |
|
| 650 |
_2Summer _aWeather |
||
| 650 |
_2Winter _aClothing |
||
| 700 |
_aHoban, Lillian _dIllustrator |
||
| 942 |
_2ddc _cBK _n0 |
||
| 999 |
_c4867 _d4867 |
||